|
|
|
|
| LEADER |
00000ny a22000003n 4500 |
| 005 |
20110525102246.0 |
| 008 |
100325s2009 mx s 000 0 spa d |
| 020 |
|
|
|a 6074401039
|
| 035 |
|
|
|a 4963
|
| 040 |
|
|
|d vLex
|
| 090 |
|
|
|c 249
|d 249
|
| 100 |
1 |
|
|a Přez Chv̀ez, Još
|
| 245 |
1 |
0 |
|a Taller de prc̀ticas laborales y de Seguridad Social
|h [Recurso electrn̤ico]
|c Jos ̌Přez Chavez, Raymundo Fol Olguin
|
| 256 |
|
|
|a Servicio en ln̕ea
|
| 260 |
|
|
|a Mx̌ico :
|b Tax Editores,
|c 2009
|
| 506 |
1 |
|
|a Contenido solo disponible en los productos indicados
|d vLex Global
|d vLex Global (Academic Edition, excluding Law Schools)
|d vLex Global (U.S. Academic Edition, Law Schools)
|d vLex Global (U.S. Academic Edition, excluding Law Schools)
|d vLex Global (Academic Edition, Law Schools)
|
| 650 |
0 |
4 |
|a Seguridad social
|z Mx̌ico
|x Publicaciones perid̤icas
|
| 650 |
0 |
4 |
|a Trabajo
|x Publicaciones perid̤icas
|
| 700 |
1 |
|
|a Fol Olguin, Raymundo
|
| 740 |
0 |
|
|a vLex Libros (Servicios en ln̕ea)
|
| 856 |
4 |
0 |
|u http://vlex.com/source/4963
|z Acceso restringido
|
| 942 |
|
|
|c BOOK
|
| 999 |
0 |
|
|a Social security
|b Mx̌ico
|